Elektronické chodníky k občanovi

Transformácia verejných služieb, tak aby zodpovedali potrebám klientov, je spätá s využitím výhod informačných a komunikačných technológií. Pribúdajú okolnosti, ktoré urýchľujú stratégiu e-governmentu. Základné kategórie a hlavní predstavitelia e-governmentu.

Guardado en:
Detalles Bibliográficos
Autor principal: Chum, Jiří
Formato: Capítulo de libro
Lenguaje:eslovaco
Materias:
Etiquetas: Agregar Etiqueta
Sin Etiquetas, Sea el primero en etiquetar este registro!

MARC

LEADER 00000naa a2200000 4500
001 r043921
005 20230927091430.4
041 0 |a slo 
044 |a SK 
245 1 0 |a Elektronické chodníky k občanovi  |c Jiří Chum 
520 |a Transformácia verejných služieb, tak aby zodpovedali potrebám klientov, je spätá s využitím výhod informačných a komunikačných technológií. Pribúdajú okolnosti, ktoré urýchľujú stratégiu e-governmentu. Základné kategórie a hlavní predstavitelia e-governmentu. 
610 2 0 |a komunikácia masová 
610 2 0 |a technológie informačné 
610 2 0 |a technológie komunikačné 
610 2 0 |a počítače 
610 2 0 |a služby verejné 
610 2 0 |a krajiny vyspelé 
100 1 |a Chum, Jiří